| 000 | 00368nam a2200145 4500 | ||
|---|---|---|---|
| 999 |
_c11475 _d11475 |
||
| 003 | OSt | ||
| 005 | 20230512175519.0 | ||
| 008 | 230512b ||||| |||| 00| 0 eng d | ||
| 020 | _a9788192110691 | ||
| 245 | _aMurshidabad forgotten capital of bengal | ||
| 250 | _aNeeta Das and Rosie llewellyn-jones | ||
| 260 |
_aIndia _bMarg _c2013 |
||
| 300 | _a136:p | ||
| 942 | _2ddc | ||